[Event "Jan Macieja Memorial"]
[Site "Warsaw POL"]
[Date "2023.07.10"]
[Round "5.53"]
[White "Mroczkowski, Adam"]
[Black "Kitewski, Bartosz"]
[Result "1-0"]
[WhiteElo "1631"]
[BlackElo "1944"]
[EventDate "2023.07.10"]
[PlyCount "67"]

1.e4 c5 2.Nf3 Nc6 3.d4 cxd4 4.Nxd4 Nf6 5.Nc3 e5 6.Ndb5 d6 7.Bg5 a6 8.Na3 b5 
9.Nd5 Be7 10.Bxf6 Bxf6 11.c3 Bg5 12.Nc2 O-O 13.Be2 f5 14.exf5 Bxf5 15.O-O Rb8 
16.Bf3 Ne7 17.Ncb4 a5 18.Nxe7+ Bxe7 19.Nc6 Qc7 20.Nxb8 Rxb8 21.Re1 Kh8 22.Be4 
Be6 23.Qh5 Bg8 24.Rad1 b4 25.cxb4 Rxb4 26.b3 Qc3 27.Re2 d5 28.Rc2 Qd4 29.Rxd4 
Rxd4 30.Bf3 Bf6 31.h3 g6 32.Qh6 e4 33.Be2 Bg7 34.Qg5 1-0

[Event "Jan Macieja Memorial"]
[Site "Warsaw POL"]
[Date "2023.07.10"]
[Round "5.54"]
[White "Ponikowski, Przemyslaw"]
[Black "Matskevich, Varvara"]
[Result "0-1"]
[WhiteElo "1918"]
[BlackElo "1628"]
[EventDate "2023.07.10"]
[PlyCount "52"]

1.e4 e5 2.Nf3 Nc6 3.d4 exd4 4.Bc4 Bc5 5.Ng5 Ne5 6.Bb3 h6 7.Nf3 Nxf3+ 8.Qxf3 Qf6 
9.Qd3 Bb4+ 10.Bd2 Bxd2+ 11.Nxd2 Ne7 12.Nf3 Nc6 13.Bd5 Nb4 14.Qxd4 Nxc2+ 15.Kd2 
Nxd4 16.e5 Nxf3+ 17.gxf3 Qf4+ 18.Kc2 O-O 19.Rae1 c6 20.Be4 d5 21.exd6 Qxd6 
22.Rd1 Qc5+ 23.Kb1 Bf5 24.Rhg1 Rad8 25.Rc1 Bxe4+ 26.fxe4 Qxf2 0-1

[Event "Jan Macieja Memorial"]
[Site "Warsaw POL"]
[Date "2023.07.10"]
[Round "5.55"]
[White "Tsiapko, Andrii"]
[Black "Adamchyk, Miraslau"]
[Result "1-0"]
[WhiteElo "1903"]
[BlackElo "1612"]
[EventDate "2023.07.10"]
[PlyCount "125"]

1.d4 d5 2.c4 Nf6 3.cxd5 Nxd5 4.e4 Nf6 5.Nc3 g6 6.Nf3 Bg7 7.Bc4 O-O 8.e5 Nfd7 
9.O-O Nb6 10.Bb3 Nc6 11.a4 a5 12.Be3 Nb4 13.e6 Bxe6 14.Bxe6 fxe6 15.Ng5 Qd7 
16.Qg4 e5 17.Qxd7 Nxd7 18.Ne6 Rfc8 19.d5 Nc2 20.Rac1 Nxe3 21.fxe3 Nf6 22.e4 c6 
23.Rfd1 cxd5 24.exd5 e4 25.Rd4 e3 26.Re1 Nd7 27.Re4 Bxc3 28.bxc3 Rxc3 29.R4xe3 
Rxe3 30.Rxe3 Nb6 31.Rb3 Nxd5 32.Rxb7 Kf7 33.Ng5+ Kg7 34.Ne6+ Kf6 35.Nc5 Rc8 
36.Rb5 Nc3 37.Rxa5 h5 38.Nd7+ Ke6 39.Nc5+ Kf7 40.Nd3 Ne4 41.Kf1 Rc3 42.Ke2 Rc2+ 
43.Kf3 Ng5+ 44.Rxg5 Rc3 45.Ke3 Ra3 46.a5 Kf6 47.Rb5 Ra2 48.Rb6+ e6 49.a6 Kf5 
50.Nb4 Ra3+ 51.Kd4 e5+ 52.Kc5 Rc3+ 53.Kb5 e4 54.Rf6+ Ke5 55.a7 Ra3 56.Ra6 Rc3 
57.a8=Q e3 58.Qe8+ Kf5 59.Re6 Rc7 60.Rxe3 Rb7+ 61.Kc6 Rg7 62.Qe6+ Kf4 63.Qe5+ 1-0

[Event "Jan Macieja Memorial"]
[Site "Warsaw POL"]
[Date "2023.07.10"]
[Round "5.56"]
[White "Jaszczuk, Piotr"]
[Black "Siekanska, Maria"]
[Result "0-1"]
[WhiteElo "1627"]
[BlackElo "1902"]
[EventDate "2023.07.10"]
[PlyCount "94"]

1.Nc3 c5 2.Nf3 d5 3.d4 Nf6 4.Bg5 e6 5.e3 Nc6 6.Ne2 Qa5+ 7.c3 Ne4 8.Bf4 cxd4 
9.exd4 Be7 10.Ng3 Nf6 11.Bd3 Bd7 12.O-O O-O 13.Ne5 Rfd8 14.Nh5 Be8 15.Re1 Nxe5 
16.Bxe5 Nxh5 17.Qxh5 f5 18.Qh3 Bg6 19.Qg3 Rac8 20.h4 Bf8 21.Be2 Qb6 22.h5 Be8 
23.h6 Bg6 24.hxg7 Bxg7 25.Rab1 Bxe5 26.Qxe5 Qd6 27.Bb5 a6 28.Ba4 b5 29.Bb3 Qxe5 
30.Rxe5 Rd6 31.Rbe1 Kf7 32.Bd1 Kf6 33.g4 Rg8 34.Kf1 fxg4 35.Bxg4 Bd3+ 36.Be2 
Bf5 37.f3 Rb6 38.a3 a5 39.Kf2 b4 40.axb4 axb4 41.Rh1 bxc3 42.bxc3 Rc6 43.Rh6+ 
Kg7 44.Rh5 Rgc8 45.c4 dxc4 46.d5 Rd6 47.dxe6 Bxe6 0-1

[Event "Jan Macieja Memorial"]
[Site "Warsaw POL"]
[Date "2023.07.10"]
[Round "5.57"]
[White "Nowakowski, Maksymilian"]
[Black "Babiarz, Arkadiusz"]
[Result "0-1"]
[WhiteElo "1603"]
[BlackElo "1895"]
[EventDate "2023.07.10"]
[PlyCount "50"]

1.d4 d5 2.c4 e6 3.Nf3 c6 4.e3 Nf6 5.Nbd2 Nbd7 6.b3 Bd6 7.Bd3 b6 8.O-O Bb7 9.e4 
dxe4 10.Nxe4 Nxe4 11.Bxe4 Nf6 12.Bc2 Qc7 13.Be3 Rd8 14.Qe2 O-O 15.Bg5 c5 
16.Rad1 cxd4 17.Bxf6 gxf6 18.Rxd4 Bxf3 19.Qxf3 Bxh2+ 20.Kh1 Rxd4 21.Qh5 Rfd8 
22.Bxh7+ Kf8 23.g3 Bxg3 24.fxg3 Qxg3 25.Rg1 Rh4+ 0-1

[Event "Jan Macieja Memorial"]
[Site "Warsaw POL"]
[Date "2023.07.10"]
[Round "5.58"]
[White "Smietanska, Wiktoria"]
[Black "Wieckowski, Kamil"]
[Result "1-0"]
[WhiteElo "1886"]
[BlackElo "1608"]
[EventDate "2023.07.10"]
[PlyCount "91"]

1.c4 c5 2.Nf3 e6 3.Nc3 Nc6 4.d4 cxd4 5.Nxd4 Nf6 6.g3 Bc5 7.Nc2 O-O 8.Bg2 b6 
9.b4 Bxf2+ 10.Kxf2 Ng4+ 11.Ke1 Qf6 12.Ne4 Qg6 13.e3 d5 14.Nf2 Nxf2 15.Kxf2 Nxb4 
16.Nd4 Nd3+ 17.Ke2 Ne5 18.Rf1 Ba6 19.Kf2 Bxc4 20.Ne2 Ng4+ 21.Kg1 Qh6 22.h3 Nxe3 
23.Bxe3 Qxe3+ 24.Rf2 Rac8 25.Qd4 Qxd4 26.Nxd4 e5 27.Nf5 Rfe8 28.Nd6 d4 29.Nxe8 
Rxe8 30.Be4 g6 31.g4 b5 32.a4 b4 33.Rc1 Be6 34.Bc6 Rd8 35.Be4 Kg7 36.Rc7 b3 
37.Rxa7 Rb8 38.Rb7 Rc8 39.a5 Rc5 40.a6 Ra5 41.a7 Ra1+ 42.Kg2 Bc4 43.Rb4 Rxa7 
44.Rxc4 Rd7 45.Rb4 d3 46.Rd2 1-0

[Event "Jan Macieja Memorial"]
[Site "Warsaw POL"]
[Date "2023.07.10"]
[Round "5.59"]
[White "Malik, Maciej"]
[Black "Lhundrup, M Dorji"]
[Result "1-0"]
[WhiteElo "1886"]
[BlackElo "1601"]
[EventDate "2023.07.10"]
[PlyCount "38"]

1.e4 c5 2.d4 cxd4 3.c3 dxc3 4.Nxc3 e6 5.Bc4 Nc6 6.Nf3 Be7 7.O-O a6 8.Qe2 b5 
9.Bb3 Bb7 10.Rd1 Qc7 11.Nd5 exd5 12.exd5 d6 13.dxc6 Bxc6 14.Bf4 Bxf3 15.Qxf3 
Nf6 16.Qxa8+ Qd8 17.Qxd8+ Bxd8 18.Bxd6 Kd7 19.Bf8+ Ke8 1-0

[Event "Jan Macieja Memorial"]
[Site "Warsaw POL"]
[Date "2023.07.10"]
[Round "5.60"]
[White "Spicak, Krzysztof"]
[Black "Lecki, Leonard"]
[Result "0-1"]
[WhiteElo "1571"]
[BlackElo "1879"]
[EventDate "2023.07.10"]
[PlyCount "109"]

1.e4 c5 2.f4 Nc6 3.Nf3 g6 4.d4 cxd4 5.Nxd4 Bg7 6.Nxc6 bxc6 7.c4 Rb8 8.Qc2 Qb6 
9.Nc3 d6 10.Na4 Qc7 11.Be2 Nf6 12.Nc3 O-O 13.O-O Qb6+ 14.Kh1 Nd7 15.Na4 Qc7 
16.Bd2 Nb6 17.Nc3 Ba6 18.b3 Nd7 19.Rae1 Nc5 20.f5 Nd7 21.Bg5 Ne5 22.h3 Qa5 
23.Bxe7 Rfe8 24.Bxd6 Rbd8 25.Bxe5 Qxe5 26.Rf3 Rd4 27.Bf1 Red8 28.Nb1 c5 29.Qf2 
Rxe4 30.Rxe4 Qxe4 31.Nc3 Qd4 32.Qxd4 cxd4 33.Nd5 gxf5 34.Rxf5 Bb7 35.Rxf7 Kxf7 
36.Be2 Bxd5 37.cxd5 Kf6 38.Kg1 Rxd5 39.Bd3 Ke5 40.Kf2 Rc5 41.g3 Rc3 42.Bb5 Rc2+ 
43.Kf3 Rxa2 44.g4 Bh6 45.Bd3 Rh2 46.Bxh7 Rxh3+ 47.Kg2 Rxb3 48.Bf5 Kf4 49.Kf2 
Rb2+ 50.Ke1 Ke3 51.Kd1 d3 52.Kc1 Bg7 53.g5 Ke2 54.Bg4+ Ke1 55.Bf5 0-1

[Event "Jan Macieja Memorial"]
[Site "Warsaw POL"]
[Date "2023.07.10"]
[Round "5.62"]
[White "Domeradzka, Karolina"]
[Black "Rasmussen, Jonas H"]
[Result "0-1"]
[WhiteElo "1568"]
[BlackElo "1875"]
[EventDate "2023.07.10"]
[PlyCount "114"]

1.e4 e5 2.Nf3 Nc6 3.Bc4 Bc5 4.c3 Nf6 5.d4 exd4 6.cxd4 Bb4+ 7.Nbd2 Nxe4 8.d5 Ne7 
9.O-O Nxd2 10.Nxd2 d6 11.Ne4 O-O 12.a3 Ba5 13.Be3 Bf5 14.Ng3 Bg6 15.b4 Bb6 
16.Bb3 Nf5 17.Nxf5 Bxf5 18.Qf3 Qf6 19.Rad1 Qg6 20.h3 Rfe8 21.Rfe1 Be4 22.Qg3 h6 
23.Qxg6 Bxg6 24.Bc1 f6 25.Ba4 Re5 26.Rxe5 fxe5 27.Bd7 Rf8 28.Be6+ Kh7 29.Rd2 e4 
30.Re2 Bd4 31.g4 Rf6 32.Kg2 c5 33.bxc5 Bxc5 34.Bb2 Rf8 35.h4 h5 36.g5 b5 37.Bd7 
a6 38.Be6 a5 39.Bd7 b4 40.axb4 axb4 41.Ba4 Rf4 42.Kg3 Rg4+ 43.Kh3 Bf5 44.Kh2 
Rxh4+ 45.Kg2 Rg4+ 46.Kh2 Rxg5 47.Bc2 Rg4 48.Ba4 h4 49.Bc1 h3 50.Be3 Rg2+ 51.Kh1 
Bxe3 52.Rxe3 Rxf2 53.Rb3 Bg4 54.Rxb4 Bf3+ 55.Kg1 Rg2+ 56.Kf1 h2 57.Rb3 h1=Q# 0-1

[Event "Jan Macieja Memorial"]
[Site "Warsaw POL"]
[Date "2023.07.10"]
[Round "6.1"]
[White "Socko, Bartosz"]
[Black "Piorun, Kacper"]
[Result "0-1"]
[WhiteElo "2520"]
[BlackElo "2583"]
[EventDate "2023.07.10"]
[PlyCount "65"]

1.d4 g6 2.e4 Bg7 3.Nc3 d6 4.Be3 a6 5.a4 Nf6 6.h3 O-O 7.g4 Nc6 8.Bg2 e5 9.Nge2 
Re8 10.O-O exd4 11.Nxd4 Bd7 12.Qd2 h5 13.g5 Nh7 14.f4 Nxd4 15.Bxd4 Bc6 16.Rae1 
b5 17.axb5 axb5 18.h4 b4 19.Nd5 Bxd5 20.exd5 Qd7 21.Bxg7 Kxg7 22.f5 gxf5 
23.Qxb4 Nf8 24.Bh3 Rxe1 25.Qxe1 Qb5 26.Qc3+ Kg8 27.Rxf5 Ra1+ 28.Bf1 Qb6+ 29.Kg2 
Ng6 30.Qc4 Qe3 31.Rf2 Rd1 32.Bd3 Qe1 33.Bxg6 0-1

[Event "Jan Macieja Memorial"]
[Site "Warsaw POL"]
[Date "2023.07.10"]
[Round "6.2"]
[White "Gagare, Shardul"]
[Black "Kazakouski, Valery"]
[Result "0-1"]
[WhiteElo "2482"]
[BlackElo "2546"]
[EventDate "2023.07.10"]
[PlyCount "118"]

1.c4 e6 2.Nf3 Nf6 3.d4 d5 4.Nc3 a6 5.cxd5 exd5 6.Bg5 Be6 7.e3 Nbd7 8.Be2 h6 
9.Bh4 c6 10.Qc2 Bd6 11.O-O O-O 12.Rab1 a5 13.a3 Qe7 14.Bg3 Rfc8 15.Rfc1 Bxg3 
16.hxg3 g6 17.b4 Bf5 18.Bd3 Bxd3 19.Qxd3 axb4 20.axb4 b5 21.Nd2 Re8 22.Ne2 Qd6 
23.Nb3 Nb6 24.Nc5 Nc4 25.Ra1 Ng4 26.Nf4 g5 27.Nh3 Kg7 28.Qf5 Ncxe3 29.fxe3 Qxg3 
30.Qf3 Qh2+ 31.Kf1 Rxa1 32.Rxa1 Nxe3+ 33.Kf2 g4 34.Qg3 Qxg3+ 35.Kxg3 gxh3 
36.Kxh3 Nc2 37.Rd1 Nxb4 38.Rd2 Re3+ 39.Kg4 Kg6 40.Kf4 Rc3 41.Ke5 Rc2 42.Rd1 
Rxg2 43.Rb1 Nc2 44.Rd1 b4 45.Kd6 Rg4 46.Nb3 Rg3 47.Nc5 b3 48.Kxc6 b2 49.Rb1 
Nxd4+ 50.Kxd5 Ne6 51.Ne4 Rg2 52.Kc4 h5 53.Kc3 h4 54.Nd2 h3 55.Rh1 Ng5 56.Nc4 
Ne4+ 57.Kd4 Nf2 58.Rf1 h2 59.Ne5+ Kg7 0-1

[Event "Jan Macieja Memorial"]
[Site "Warsaw POL"]
[Date "2023.07.10"]
[Round "6.3"]
[White "Tomczak, Jacek"]
[Black "Nasuta, Grzegorz"]
[Result "0-1"]
[WhiteElo "2562"]
[BlackElo "2449"]
[EventDate "2023.07.10"]
[PlyCount "112"]

1.e4 e5 2.Nf3 Nc6 3.d4 exd4 4.Nxd4 Nf6 5.Nxc6 bxc6 6.e5 Qe7 7.Qe2 Nd5 8.Nd2 g6 
9.Nf3 Bg7 10.c4 Ba6 11.Bg5 f6 12.exf6 Qxe2+ 13.Bxe2 Nxf6 14.O-O-O O-O-O 15.Rhe1 
Rhe8 16.Be3 d6 17.Nd4 Bb7 18.c5 Ne4 19.Bg4+ Kb8 20.Ne6 Rd7 21.Nxc7 Kxc7 22.Bxd7 
Kxd7 23.cxd6 Nxd6 24.Bxa7 Rxe1 25.Rxe1 Nf5 26.Bc5 h5 27.Re4 Ba6 28.Ra4 Bf1 
29.g3 Ke6 30.Ra7 Kd5 31.b4 Bc3 32.a3 Kc4 33.Rc7 Bg2 34.Bf8 Nd4 35.Re7 Bf1 
36.Re3 Bd3 37.h4 Nb3+ 38.Kd1 Nd4 39.Bg7 Bc2+ 40.Kc1 Bd3 41.Bxd4 Bxd4 42.Rf3 Bf5 
43.Kd2 Kd5 44.a4 Kc4 45.Rf4 Kd5 46.a5 Be5 47.Rf3 Bd4 48.a6 Ba7 49.Rxf5+ gxf5 
50.f3 Kc4 51.g4 fxg4 52.fxg4 hxg4 53.h5 g3 54.h6 g2 55.h7 g1=Q 56.h8=Q Qd4+ 0-1

[Event "Jan Macieja Memorial"]
[Site "Warsaw POL"]
[Date "2023.07.10"]
[Round "6.4"]
[White "Cherniaiev, Tykhon"]
[Black "Mis, Mieszko"]
[Result "0-1"]
[WhiteElo "2450"]
[BlackElo "2369"]
[EventDate "2023.07.10"]
[PlyCount "130"]

1.Nf3 Nf6 2.d4 e6 3.c4 Bb4+ 4.Bd2 Qe7 5.g3 Nc6 6.Bg2 Bxd2+ 7.Nbxd2 d6 8.O-O e5 
9.d5 Nb8 10.e4 O-O 11.b4 a5 12.a3 Na6 13.Qb3 Bg4 14.Rfe1 c6 15.Qb2 axb4 16.axb4 
c5 17.bxc5 Nxc5 18.Rxa8 Rxa8 19.Ra1 Qd8 20.Rxa8 Qxa8 21.h3 Bxf3 22.Bxf3 Qa5 
23.Qc2 g6 24.Kf1 Qa3 25.Ke2 h5 26.Nb1 Qb4 27.Nd2 Nfd7 28.Qb1 Qa3 29.h4 Kg7 
30.Bg2 Na4 31.Qb3 Qa1 32.Qc2 Ndc5 33.Nb3 Qa3 34.Nxc5 Nxc5 35.Bf3 Nb3 36.Qc3 
Nd4+ 37.Kd3 Qxc3+ 38.Kxc3 Nxf3 39.Kb4 Nd2 40.f3 Nxf3 41.c5 dxc5+ 42.Kxc5 Nd2 
43.Kd6 Nxe4+ 44.Kxe5 Nf6 45.d6 b5 46.Kd4 Nd7 47.Kd5 Kf6 48.Kc6 Ke6 49.Kxb5 Kxd6 
50.Kc4 Ke5 51.Kd3 Kf5 52.Ke3 Kg4 53.Kf2 Nc5 54.Kg2 Ne4 55.Kh2 Nxg3 56.Kg2 Nf5 
57.Kh2 Nxh4 58.Kg1 f5 59.Kh2 f4 60.Kg1 Kg3 61.Kh1 Nf5 62.Kg1 Nd4 63.Kh1 f3 
64.Kg1 f2+ 65.Kh1 f1=R# 0-1

[Event "Jan Macieja Memorial"]
[Site "Warsaw POL"]
[Date "2023.07.10"]
[Round "6.5"]
[White "Chylewski, Patryk"]
[Black "Bartel, Mateusz"]
[Result "0-1"]
[WhiteElo "2226"]
[BlackElo "2529"]
[EventDate "2023.07.10"]
[PlyCount "78"]

1.d4 e6 2.c4 b6 3.e4 Bb7 4.Nd2 e5 5.dxe5 Nc6 6.Ngf3 Bc5 7.Nb3 Bb4+ 8.Bd2 Qe7 
9.Bd3 Bxd2+ 10.Qxd2 Nxe5 11.Nxe5 Qxe5 12.O-O Ne7 13.f4 Qf6 14.Rae1 O-O-O 15.e5 
Qh6 16.c5 Kb8 17.a4 a5 18.Be4 Qe6 19.Nd4 Qc4 20.Bxb7 Kxb7 21.cxb6 c6 22.b3 Qc5 
23.Kh1 Qxb6 24.b4 axb4 25.Rb1 Nd5 26.Nc2 Ka8 27.a5 Qa6 28.Rfd1 Rb8 29.Nxb4 Nxb4 
30.Rxb4 Rxb4 31.Qxb4 Rb8 32.Qc5 Qe2 33.Qd6 Rb2 34.Qf8+ Ka7 35.Rxd7+ Ka6 36.Qc8+ 
Kb5 37.Rb7+ Kc5 38.Qf8+ Kc4 39.Qxf7+ Kc3 0-1

[Event "Jan Macieja Memorial"]
[Site "Warsaw POL"]
[Date "2023.07.10"]
[Round "6.6"]
[White "Kokoszczynski, Jan"]
[Black "Heberla, Bartlomiej"]
[Result "0-1"]
[WhiteElo "2198"]
[BlackElo "2450"]
[EventDate "2023.07.10"]
[PlyCount "98"]

1.d4 Nf6 2.c4 e6 3.Nc3 Bb4 4.f3 Nc6 5.a3 Be7 6.e4 e5 7.d5 Nd4 8.Nge2 c5 9.Be3 
d6 10.Ng3 h5 11.Bd3 h4 12.Nf1 Nh5 13.g4 Nf4 14.Bxf4 exf4 15.Nd2 h3 16.e5 dxe5 
17.Nde4 g6 18.d6 Bxd6 19.Nd5 Be7 20.Rg1 Be6 21.Nec3 Qd7 22.Kf1 b5 23.Be4 Rd8 
24.cxb5 f5 25.gxf5 gxf5 26.Nxe7 Qxe7 27.Bb1 Bc4+ 28.Bd3 Nxf3 29.Qxf3 Bxd3+ 
30.Ke1 Qh4+ 31.Qf2 Qxf2+ 32.Kxf2 e4 33.Rg7 Rd7 34.Rg6 f3 35.Ke3 f4+ 36.Kxf4 f2 
37.Ke3 f1=Q 38.Rxf1 Bxf1 39.Nxe4 Re7 40.Kf4 Rf8+ 41.Nf6+ Kd8 42.Kg5 Bd3 43.Rh6 
Rg7+ 44.Kh4 Bf5 45.Nd5 Rg4+ 46.Kh5 Rfg8 47.Rd6+ Ke8 48.Nf6+ Ke7 49.Nxg4 Rxg4 0-1

[Event "Jan Macieja Memorial"]
[Site "Warsaw POL"]
[Date "2023.07.10"]
[Round "6.7"]
[White "Kanarek, Marcel"]
[Black "Karpus, Michal"]
[Result "0-1"]
[WhiteElo "2388"]
[BlackElo "2181"]
[EventDate "2023.07.10"]
[PlyCount "62"]

1.e4 e6 2.d4 d5 3.Nc3 Nf6 4.Bg5 Bb4 5.e5 h6 6.Be3 Ne4 7.Qg4 Bxc3+ 8.bxc3 g6 
9.Bd3 Nxc3 10.Ne2 Nxe2 11.Qxe2 c5 12.dxc5 d4 13.Bd2 Nd7 14.O-O Nxc5 15.Rab1 b6 
16.Qg4 Bb7 17.Rb4 Qd5 18.Rxd4 Qxe5 19.Bc3 Qg5 20.Qh3 e5 21.Rg4 Qe7 22.Re1 Nd7 
23.Bb5 O-O-O 24.Rc4+ Kb8 25.Bxd7 Rxd7 26.Bxe5+ Ka8 27.Bc3 Re8 28.f3 Qd8 29.Rxe8 
Qxe8 30.Rd4 Rxd4 31.Bxd4 Qe1# 0-1

[Event "Jan Macieja Memorial"]
[Site "Warsaw POL"]
[Date "2023.07.10"]
[Round "6.8"]
[White "Kowalski, Igor"]
[Black "Golecki, Jan"]
[Result "1-0"]
[WhiteElo "2367"]
[BlackElo "2122"]
[EventDate "2023.07.10"]
[PlyCount "69"]

1.d4 Nf6 2.Nf3 b6 3.c4 e6 4.g3 Ba6 5.b3 Bb4+ 6.Bd2 Be7 7.Bg2 O-O 8.O-O d5 9.Nc3 
c6 10.Ne5 dxc4 11.Be3 cxb3 12.Qxb3 Nd5 13.Nxd5 cxd5 14.Qc2 f6 15.Nd3 Qd7 
16.Rfc1 Rc8 17.Qb3 Bc4 18.Qd1 Nc6 19.Nf4 Ba3 20.Rxc4 dxc4 21.d5 exd5 22.Bxd5+ 
Kh8 23.Qa4 Bd6 24.Be6 Qb7 25.Bxc8 Rxc8 26.Qxc4 Ne5 27.Qe6 Nc4 28.Rc1 b5 29.Bxa7 
Rd8 30.Be3 Be5 31.Bc5 Bxf4 32.gxf4 h5 33.Qf5 Rd5 34.Qe4 Rxc5 35.Qxb7 1-0

[Event "Jan Macieja Memorial"]
[Site "Warsaw POL"]
[Date "2023.07.10"]
[Round "6.9"]
[White "Pacan-milej, Kosma"]
[Black "Dzida, Kamil"]
[Result "1-0"]
[WhiteElo "2302"]
[BlackElo "2139"]
[EventDate "2023.07.10"]
[PlyCount "77"]

1.d4 Nf6 2.c4 e6 3.Nc3 Bb4 4.e3 O-O 5.Bd3 d5 6.a3 Bxc3+ 7.bxc3 dxc4 8.Bxc4 c5 
9.Ne2 Qc7 10.Bd3 Nc6 11.O-O e5 12.Ng3 Rd8 13.f4 exd4 14.cxd4 cxd4 15.e4 Ng4 
16.Qf3 Ne3 17.Bxe3 dxe3 18.Qxe3 Qb6 19.Qxb6 axb6 20.Bc4 Rd4 21.Bd5 Ne7 22.Rad1 
Rxd1 23.Rxd1 g6 24.Rc1 Rxa3 25.Rc7 Kf8 26.Bxb7 Bxb7 27.Rxb7 Rb3 28.f5 gxf5 
29.exf5 Nd5 30.Ne4 Rb4 31.Nd6 Rb2 32.Rxf7+ Kg8 33.Rd7 Ne3 34.f6 Rxg2+ 35.Kh1 h5 
36.f7+ Kg7 37.Rd8 Rf2 38.Rg8+ Kh7 39.f8=Q 1-0

[Event "Jan Macieja Memorial"]
[Site "Warsaw POL"]
[Date "2023.07.10"]
[Round "6.10"]
[White "Jakubowska, Anna"]
[Black "Sieciechowicz, Marcin"]
[Result "1/2-1/2"]
[WhiteElo "2001"]
[BlackElo "2294"]
[EventDate "2023.07.10"]
[PlyCount "68"]

1.e4 e6 2.d4 d5 3.Nd2 c5 4.exd5 Qxd5 5.Ngf3 cxd4 6.Bc4 Qd6 7.O-O Nf6 8.Nb3 Nc6 
9.Nbxd4 Nxd4 10.Nxd4 Be7 11.c3 O-O 12.Bb3 Bd7 13.Bc2 e5 14.Nf5 Bxf5 15.Qxd6 
Bxd6 16.Bxf5 Rfd8 17.Bg5 Be7 18.Bxf6 Bxf6 19.Rad1 Kf8 20.Be4 Rxd1 21.Rxd1 Ke7 
22.Kf1 Rb8 23.Ke2 g6 24.Rd5 Bg7 25.Rc5 Kd6 26.Rd5+ Ke6 27.Rc5 Kd6 28.Rd5+ Kc7 
29.Rc5+ Kb6 30.Rd5 Kc7 31.Rc5+ Kd6 32.Rd5+ Ke6 33.Rc5 Kd6 34.Rd5+ Ke6 1/2-1/2

[Event "Jan Macieja Memorial"]
[Site "Warsaw POL"]
[Date "2023.07.10"]
[Round "6.11"]
[White "Baum, Jonasz"]
[Black "Budzisz, Adrian"]
[Result "1-0"]
[WhiteElo "2277"]
[BlackElo "2018"]
[EventDate "2023.07.10"]
[PlyCount "77"]

1.d4 Nf6 2.c4 e6 3.Nc3 Bb4 4.g3 O-O 5.Bg2 d5 6.Nf3 c6 7.O-O dxc4 8.Ne5 Nd5 
9.Bd2 Bxc3 10.bxc3 b5 11.a4 Bb7 12.h4 a6 13.h5 h6 14.Qc1 Nd7 15.Nxd7 Qxd7 16.e4 
Nf6 17.e5 Nd5 18.Re1 Rac8 19.g4 Ne7 20.Bxh6 gxh6 21.Qxh6 c5 22.d5 Nxd5 23.Qg5+ 
Kh8 24.Rad1 f6 25.exf6 Qf7 26.Qh6+ Qh7 27.Qxh7+ Kxh7 28.Rxe6 Nxc3 29.Rd7+ Kh8 
30.Bxb7 Rcd8 31.Rxd8 Rxd8 32.Bxa6 bxa4 33.Bxc4 a3 34.Ra6 Rd4 35.Ra8+ Kh7 36.f7 
Rxg4+ 37.Kf1 Ne4 38.f8=Q Nd2+ 39.Ke2 1-0

[Event "Jan Macieja Memorial"]
[Site "Warsaw POL"]
[Date "2023.07.10"]
[Round "6.12"]
[White "Kiolbasa, Oliwia"]
[Black "Mulawa, Cyprian"]
[Result "1-0"]
[WhiteElo "2269"]
[BlackElo "2081"]
[EventDate "2023.07.10"]
[PlyCount "95"]

1.e4 c5 2.Nf3 d6 3.d4 Nf6 4.Nc3 cxd4 5.Nxd4 a6 6.h3 e5 7.Nb3 b5 8.a4 b4 9.Nd5 
Nxd5 10.Qxd5 Ra7 11.Be3 Rd7 12.Na5 Be7 13.Be2 O-O 14.Bg4 Rc7 15.Bb6 Nd7 16.Bxc7 
Qxc7 17.Nc6 Bg5 18.Nxb4 Nf6 19.Qd3 Nxg4 20.hxg4 Bxg4 21.Nd5 Qb7 22.Qg3 Qxb2 
23.O-O h5 24.f3 Bf4 25.Nxf4 exf4 26.Qxf4 Be6 27.Qxd6 Qxc2 28.Qd4 h4 29.Qf2 
Qxf2+ 30.Kxf2 Rc8 31.Rfc1 Rd8 32.Rd1 Rc8 33.Rac1 Rb8 34.Rb1 Rc8 35.Rdc1 Rd8 
36.Ke3 Rd6 37.a5 Rd8 38.Rb6 g5 39.Rxa6 Rb8 40.Rb6 Ra8 41.a6 Bc8 42.a7 Rxa7 
43.Rxc8+ Kg7 44.Rc5 f6 45.Rbc6 Kg6 46.Rc7 Ra2 47.Rc2 Ra3+ 48.R7c3 1-0

[Event "Jan Macieja Memorial"]
[Site "Warsaw POL"]
[Date "2023.07.10"]
[Round "6.13"]
[White "Zochowski, Kacper"]
[Black "Janeczko, Jakub"]
[Result "1-0"]
[WhiteElo "2262"]
[BlackElo "1991"]
[EventDate "2023.07.10"]
[PlyCount "60"]

1.Nf3 g6 2.c4 Bg7 3.Nc3 e5 4.g3 d6 5.d3 f5 6.Bg2 Nf6 7.d4 e4 8.Ng5 h6 9.Nh3 c6 
10.d5 c5 11.Nf4 Kf7 12.O-O Na6 13.Ne6 Bxe6 14.dxe6+ Kxe6 15.f4 e3 16.Bxe3 Nc7 
17.g4 Nxg4 18.Bc1 Qf6 19.Bxb7 Qd4+ 20.e3 Qxd1 21.Rxd1 Rab8 22.Bf3 Bxc3 23.bxc3 
Nf6 24.Rd3 Rb6 25.Bd2 Rb2 26.Be1 Rhb8 27.Rad1 R8b6 28.R3d2 a5 29.a4 Ne4 30.Bxe4 
fxe4 1-0

[Event "Jan Macieja Memorial"]
[Site "Warsaw POL"]
[Date "2023.07.10"]
[Round "6.14"]
[White "Orzech, Dominik"]
[Black "Nesterenko, Kyrylo"]
[Result "0-1"]
[WhiteElo "2256"]
[BlackElo "1941"]
[EventDate "2023.07.10"]
[PlyCount "84"]

1.d4 Nf6 2.Nf3 e6 3.c4 c5 4.g3 cxd4 5.Nxd4 Nc6 6.Bg2 d5 7.O-O Be7 8.Nc3 O-O 
9.cxd5 Nxd5 10.Nxd5 exd5 11.Be3 Bf6 12.Rc1 Ne5 13.Bf4 Ng6 14.Bc7 Qe8 15.Bxd5 
Bh3 16.Re1 Qd7 17.Bxb7 Qxd4 18.Qxd4 Bxd4 19.Bxa8 Rxa8 20.b3 h5 21.Red1 Bf6 
22.Ba5 Re8 23.Rc2 Bf5 24.Rcd2 Kh7 25.Kf1 h4 26.Bd8 Be5 27.gxh4 Nf4 28.Bg5 Bh3+ 
29.Kg1 Ne6 30.Be3 Nf4 31.Bxf4 Bxf4 32.e3 Be5 33.Rd8 Re6 34.R1d5 Rg6+ 35.Kh1 
Bg2+ 36.Kg1 Bxd5+ 37.Kf1 Bf3 38.Ke1 Bc3+ 39.Kf1 Ba5 40.Rd4 Rc6 41.Rc4 Rxc4 
42.bxc4 Bc6 0-1

[Event "Jan Macieja Memorial"]
[Site "Warsaw POL"]
[Date "2023.07.10"]
[Round "6.15"]
[White "Malek, Jan"]
[Black "Szewczak, Andrzej"]
[Result "1-0"]
[WhiteElo "2255"]
[BlackElo "1843"]
[EventDate "2023.07.10"]
[PlyCount "124"]

1.d4 b5 2.b3 e6 3.Bb2 Bb7 4.Nd2 Nf6 5.Ngf3 Be7 6.e3 b4 7.Bd3 d5 8.Qe2 a5 9.e4 
dxe4 10.Nxe4 Nxe4 11.Bxe4 Bxe4 12.Qxe4 Qd5 13.Qxd5 exd5 14.a3 Ra6 15.axb4 axb4 
16.O-O Rc6 17.Rfc1 O-O 18.Ra5 Rd8 19.Ne5 Re6 20.Rca1 f6 21.Nd3 Rc6 22.Re1 Kf7 
23.Re2 Na6 24.Nf4 Rcd6 25.Kf1 Nb8 26.Rb5 R6d7 27.Nd3 Nc6 28.f3 g5 29.Rb7 Rb8 
30.Rxb8 Nxb8 31.Re1 Nc6 32.Ra1 Bd6 33.Ra6 Ne7 34.Kf2 c6 35.g3 Rb7 36.Bc1 Ke6 
37.Bd2 Nf5 38.Rxc6 Nxd4 39.Nc5+ Ke7 40.Rxd6 Kxd6 41.Nxb7+ Kc6 42.Nd8+ Kd7 
43.Nf7 Nxc2 44.Nh6 Ke6 45.g4 d4 46.Ke2 Kd5 47.Nf5 Kc5 48.Kd3 Na1 49.Nxd4 Kd5 
50.Bxb4 f5 51.Bc3 fxg4 52.fxg4 Nxb3 53.Nxb3 Ke6 54.Nd4+ Kf6 55.Nf3+ Kg6 56.Ke4 
Kh6 57.Bd2 Kg6 58.Bxg5 h5 59.Kf4 hxg4 60.Kxg4 Kg7 61.h4 Kg6 62.h5+ Kf7 1-0

[Event "Jan Macieja Memorial"]
[Site "Warsaw POL"]
[Date "2023.07.10"]
[Round "6.16"]
[White "Padalka, Artem"]
[Black "Koziorowicz, Michal"]
[Result "1-0"]
[WhiteElo "2073"]
[BlackElo "2253"]
[EventDate "2023.07.10"]
[PlyCount "55"]

1.Nf3 e6 2.c4 f5 3.g3 Nf6 4.Bg2 Be7 5.O-O O-O 6.Nc3 d6 7.d3 Nc6 8.Rb1 a5 9.a3 
Qe8 10.b4 axb4 11.axb4 e5 12.Bg5 Qh5 13.Bxf6 Bxf6 14.Nd5 Bd8 15.b5 Ne7 16.Nd2 
Ra2 17.c5 Qf7 18.Qb3 Rxd2 19.Nxe7+ Bxe7 20.Bd5 dxc5 21.Bxf7+ Rxf7 22.Ra1 Bd7 
23.Ra8+ Bf8 24.Rd8 Bxb5 25.Qxb5 c6 26.Qb3 b5 27.Qe6 c4 28.Rd7 1-0

[Event "Jan Macieja Memorial"]
[Site "Warsaw POL"]
[Date "2023.07.10"]
[Round "6.17"]
[White "Mickiewicz, Piotr"]
[Black "Kotowicz, Kamil"]
[Result "1-0"]
[WhiteElo "2224"]
[BlackElo "1726"]
[EventDate "2023.07.10"]
[PlyCount "76"]

1.Nf3 d5 2.b3 Nf6 3.Bb2 Bg4 4.c4 e6 5.Ne5 Bf5 6.g3 c6 7.Bg2 Bd6 8.O-O O-O 9.d4 
Nbd7 10.Nd2 Re8 11.Re1 Nf8 12.e4 dxe4 13.Nxe4 Nxe4 14.Bxe4 Bxe4 15.Rxe4 Ng6 
16.Nd3 Be7 17.Qe2 Bf6 18.h4 h6 19.h5 Nf8 20.Rd1 Qc7 21.Rg4 Nh7 22.Kg2 Rad8 
23.Ne5 Bxe5 24.dxe5 Rxd1 25.Qxd1 Rd8 26.Rd4 Rxd4 27.Qxd4 b6 28.Qd6 Qxd6 29.exd6 
Kf8 30.Bxg7+ Ke8 31.Bxh6 Kd7 32.Bg7 Kxd6 33.f4 Kc5 34.g4 Kb4 35.g5 Ka3 36.g6 
fxg6 37.hxg6 Kxa2 38.gxh7 c5 1-0

[Event "Jan Macieja Memorial"]
[Site "Warsaw POL"]
[Date "2023.07.10"]
[Round "6.18"]
[White "Sriram, Jha"]
[Black "Kaminski, Maciej"]
[Result "1/2-1/2"]
[WhiteElo "2221"]
[BlackElo "1905"]
[EventDate "2023.07.10"]
[PlyCount "40"]

1.d4 d5 2.Nf3 Nf6 3.c4 c6 4.Nc3 dxc4 5.a4 Bf5 6.e3 e6 7.Bxc4 Bb4 8.O-O Bg6 
9.Qb3 a5 10.Na2 Nd5 11.Nxb4 Nxb4 12.Bd2 Bc2 13.Qc3 Be4 14.Ne5 Nd7 15.f3 Bd5 
16.Nxd7 Qxd7 17.e4 Bxc4 18.Qxc4 e5 19.Bxb4 axb4 20.dxe5 Qe7 1/2-1/2

[Event "Jan Macieja Memorial"]
[Site "Warsaw POL"]
[Date "2023.07.10"]
[Round "6.19"]
[White "Szewczyk, Mariusz"]
[Black "Kopczynski, Michal"]
[Result "0-1"]
[WhiteElo "1994"]
[BlackElo "2210"]
[EventDate "2023.07.10"]
[PlyCount "66"]

1.e4 b6 2.d4 Bb7 3.Bd3 e6 4.Nf3 Nf6 5.e5 Ne4 6.Nbd2 d5 7.Qe2 Nxd2 8.Bxd2 c5 
9.c3 Nc6 10.O-O Be7 11.a3 O-O 12.b4 cxd4 13.cxd4 Qd7 14.Rac1 Rac8 15.Rc2 f5 
16.Rfc1 h6 17.h4 Nb8 18.Bb5 Qd8 19.Rxc8 Bxc8 20.Be3 a6 21.Bd3 b5 22.g3 Nd7 
23.Qd2 Nb6 24.Ne1 Nc4 25.Bxc4 dxc4 26.Qc3 Bb7 27.f3 f4 28.Bxf4 Bxh4 29.Qe3 g5 
30.gxh4 Rxf4 31.hxg5 Qxg5+ 32.Ng2 Rxf3 33.Qxg5+ hxg5 0-1